| 000 | 01397nam a2200349 c 4500 | ||
|---|---|---|---|
| 003 | BLK | ||
| 005 | 20231229005232.0 | ||
| 008 | 180412b bul|||||r ||||||| ||bul|| | ||
| 010 | _aKNG00006109000 | ||
| 020 |
_a954-409-103-3 _bиздат.: Плеяда - на том(кн. 1) |
||
| 040 | _aBLK | ||
| 041 |
_aBUL _cBUL |
||
| 080 |
_aАмериканска литература (на САЩ) _b821.111(73) _x-31 _z821.111(73)-31 |
||
| 100 |
_aКинг, Стивън _9241662 |
||
| 700 | 1 |
_aАлексиева, Ирена Ангелова _eпрев. от англ. _9244414 |
|
| 139 |
_aКинг, Стивън _bК 54 |
||
| 245 | 1 | 0 |
_aНеизживени спомени _bРоман : Кн. 1 - 2 _cСтивън Кинг; прев. от англ. Ирена Ангелова Алексиева. _nКн. 1 |
| 257 | _aUSA | ||
| 260 |
_аСофия _c1994 - _fВраца : Полипринт |
||
| 300 | _c20 см | ||
| 380 | _aX | ||
| 500 | _aБез сведение за ориг. загл. - Офс. изд. | ||
| 653 | _aромани | ||
| 653 | _aхорър | ||
| 760 | 1 |
_3- на том(кн. 1) _aКинг, Стивън _dПлеяда, 1994 _h366 с. _n15 000 тир. _tКн. 1 |
|
| 852 | _aЦб 179992 | ||
| 856 | 4 |
_qpdf _u |
|
| 856 | 4 |
_qpdf _u |
|
| 942 |
_cKNG _n0 _05 |
||
| 944 |
_aCR _c15.01.2003 _lCRON CRON _k |
||
| 944 |
_aED _c10.10.2011 _lф / _k |
||
| 999 |
_c4939 _d4939 |
||